|
000
|
00915nam0 2200289 450
|
|
001
|
yyl000000491
|
|
005
|
20081204164256.0
|
|
010
|
|
@a7-109-10224-6@dCNY9.80
|
|
100
|
|
@a20081201d20052008em y0chiy0120 ea
|
|
101
|
0
|
@achi
|
|
102
|
|
@aCN@b110000
|
|
105
|
|
@aa z 000yy
|
|
106
|
|
@ar
|
|
200
|
1
|
@a猪繁殖实用技术@Azhu fan zhi shi yong ji shu@f曾申明,刘彦主编
|
|
205
|
|
@a第一版
|
|
210
|
|
@a北京@c中国农业出版社@d2005.9@h2008.5重印
|
|
215
|
|
@a185页@c图@d19cm
|
|
320
|
|
@a有参考文献(185页)
|
|
330
|
|
@a本书从提高猪场繁殖力角度,概括介绍了猪繁殖基础理论,详细描述了可以在生产中直接使用的繁殖实用技术和繁殖疾病的防治方法。
|
|
606
|
0
|
@a猪@Azhu@x繁殖@x技术
|
|
606
|
0
|
@a猪@Azhu
|
|
606
|
0
|
@a繁殖@Afan shi
|
|
690
|
|
@aS828@v4
|
|
701
|
0
|
@a曾申明@Azeng shen ming@4主编
|
|
701
|
0
|
@a刘彦@Aliu yan@c(畜牧养殖)@4主编
|
|
801
|
0
|
@aCN@bCDNYKJZYXY@c20081204
|
|
905
|
|
@aCDNYKJZYXY@dS828@e219@f5
|
|
|
|
|
| |
| 猪繁殖实用技术/曾申明,刘彦主编.-第一版.-北京:中国农业出版社,2005.9(2008.5重印) |
| 185页:图;19cm |
| |
| |
| ISBN 7-109-10224-6:CNY9.80 |
| 本书从提高猪场繁殖力角度,概括介绍了猪繁殖基础理论,详细描述了可以在生产中直接使用的繁殖实用技术和繁殖疾病的防治方法。 |
| ● |
正题名:猪繁殖实用技术
索取号:S828/219
 
预约/预借
| 序号
|
登录号
|
条形码
|
馆藏地/架位号
|
状态
|
备注
|
|
1
|
222927
|
300222927
|
柳城-4楼/27架1列4层/
[索取号:S828/219]
|
在馆
|
|
|
2
|
222928
|
300222928
|
柳城-4楼/27架1列4层/
[索取号:S828/219]
|
在馆
|
|
|
3
|
222929
|
300222929
|
海科密-1楼/45架14列1层/
[索取号:S828/219]
|
在馆
|
|
|
4
|
222930
|
300222930
|
柳城-4楼/27架1列4层/
[索取号:S828/219]
|
在馆
|
|
|
5
|
222931
|
300222931
|
海科密-1楼/45架14列1层/
[索取号:S828/219]
|
在馆
|
|